مكتبة جامعة عجلون الوطنية

فهرس بحث المكتبة

Normal view MARC view
  • الطفل- الجهاز الحركي

Entry Topical Term

Number of records used in: 1

001 - CONTROL NUMBER

  • control field: 41279

003 - CONTROL NUMBER IDENTIFIER

  • control field: JO-AjAnu

005 - DATE AND TIME OF LATEST TRANSACTION

  • control field: 20230606080846.0

008 - FIXED-LENGTH DATA ELEMENTS

  • fixed length control field: 230606|| aca||aabn | a|a d

040 ## - CATALOGING SOURCE

  • Original cataloging agency: JO-AjAnu
  • Transcribing agency: JO-AjAnu

150 ## - HEADING--TOPICAL TERM

  • Topical term or geographic name entry element: الطفل- الجهاز الحركي

670 ## - SOURCE DATA FOUND

  • Source citation: Work cat.: (JO-AjAnu)21155: القضاة، عبدالحميد, author 41278, الجهاز الحركي للطفل قبل الولادة وبعدها بسنة